Los fraudes espirituales y los fenómenos metapsíquicos / (Record no. 78952)

MARC details
000 -LEADER
campo de control de longitud fija 00514nam a2200169 i 4500
001 - NÚMERO DE CONTROL
campo de control 78952
003 - IDENTIFICADOR DE NÚMERO DE CONTROL
campo de control ES-MaACL
005 - FECHA Y HORA DE LA ÚLTIMA TRANSACCIÓN
campo de control 20230906173849.0
007 - CAMPO FIJO DE DESCRIPCIÓN FÍSICA--INFORMACIÓN GENERAL
campo de control de longitud fija t|
008 - DATOS DE LONGITUD FIJA--INFORMACIÓN GENERAL
campo de control de longitud fija 041018s1946 sp ||||1| spa d
100 1# - ENTRADA PRINCIPAL--NOMBRE DE PERSONA
Nombre de persona Heredia, Carlos María de.
9 (RLIN) 62687
245 14 - MENCIÓN DEL TÍTULO
Título Los fraudes espirituales y los fenómenos metapsíquicos /
Mención de responsabilidad, etc. por Carlos M. de Heredia.
250 ## - MENCION DE EDICION
Mención de edición 1ª ed.
260 ## - PUBLICACIÓN, DISTRIBUCIÓN, ETC.
Lugar de publicación, distribución, etc. Barcelona :
Nombre del editor, distribuidor, etc. Herder,
Fecha de publicación, distribución, etc. 1946 (
Fabricante Grafos)
300 ## - DESCRIPCIÓN FÍSICA
Extensión X, 405 p., 12 lám. ;
Dimensiones 18 cm.
852 ## - LOCALIZACIÓN
Ubicación ES-MaACL
Número de control de estantería D-9246
Sublocalización o colección R.34763
Holdings
Estatus retirado Estado de pérdida Estado de daño No para préstamo Biblioteca de origen Biblioteca actual Ubicación en estantería Fecha de adquisición Fuente de adquisición Total de préstamos Signatura topográfica completa Código de barras Visto por última vez Precio de reemplazo Tipo de ítem Koha
        Biblioteca del Ateneo de Madrid Biblioteca del Ateneo de Madrid Sala Valle Inclán 17/01/2008     D-9246 901082568 23/02/2023 23/02/2023 Libro impreso